000 01926nam0a2200373 4500
001 RU\NLR\bibl\838346
005 20250614144256.0
010 _a5-86517-246-8
_91000
021 _aRU
_b2005-46264
_92271
035 _a(NLR Aleph) 000827175
090 _a1337866
_c1337866
100 _a20050908d2005 |||y0rusy50 ca
101 0 _arus
102 _aRU
105 _aa |||||||||
200 1 _aМодель сельской школы с профильным обучением на основе внутриклассной дифференциации
_fМ.И. Зайкин, С.В. Менькова, И.В. Фролов, Н.А. Шкильменская
_g[отв. ред. Касаткина Е.С.]
_gГОУ ВПО "Арзамас. гос. пед. ин-т им. А.П. Гайдара", Лаб. дидактики сел. шк.
210 _aАрзамас
_aМосква
_cАрзамасский государственный педагогический институт
_d2005
215 _a87 с.
_cил.
_d21
300 _aНа обороте тит. л. 1-й авт.: д.п.н., проф., засл. работник высш. шк. РФ Зайкин М.И.
320 _aБиблиогр.: с. 76-87 (101 назв.)
606 1 _aСельские школы
_xПрофильное обучение
_92338977
_3RU\NLR\auth\661398220
686 _aЧ424(2)714.8
701 1 _aЗайкин
_bМ. И.
_gМихаил Иванович
_4070
701 1 _aМенькова
_bС. В.
_gСветлана Викторовна
_4070
701 1 _aФролов
_bИ. В.
_gИван Валентинович
_4070
701 1 _aШкильменская
_bН. А.
_gНаталья Анатольевна
_4070
702 1 _aКасаткина
_bЕ. С.
_4340
801 0 _aRU
_bNLR
_c20050908
_grcr
801 1 _aRU
_bNLR
_c20050908
830 _aАвт. по ЭК
942 _cBOOK
980 _aNB